Communes de la Réunion par images - Statistiques

Statistiques générales
  • Ce quiz a été pris 107 fois
  • Le résultat moyen est 16 sur 24
Statistiques - réponses
Par images Hint Réponse % Correct
156 149 habitants Saint-Denis
99%
5 215 habitants Cilaos
82%
38 992 habitants Saint-Joseph
77%
106 220 habitants Saint-Paul
74%
85 254 habitants Saint-Pierre
73%
33 670 habitants Le Port
72%
35 597 habitants Saint-Leu
72%
37 585 habitants Saint-Benoît
71%
5 093 habitants Saint-Philippe
71%
81 964 habitants Le Tampon
68%
35 584 habitants Sainte-Marie
68%
7 333 habitants Salazie
67%
12 920 habitants Petite-Île
63%
6 450 habitants Sainte-Rose
62%
54 478 habitants Saint-Louis
62%
7 115 habitants Entre-Deux
60%
36 390 habitants La Possession
60%
57 546 habitants Saint-André
60%
24 855 habitants Sainte-Suzanne
60%
13 131 habitants Bras-Panon
58%
6 920 habitants La Plaine-des-Palmistes
58%
11 445 habitants Les Avirons
56%
14 329 habitants L'Étang-Salé
45%
7 113 habitants Les Trois-Bassins
32%
Aucun quiz correspondant
Distribution des résultats
% des personnes avec chaque résultat
Percentile par nombre de réponses
Votre historique - résultats
Vous n’avez pas pris ce quiz